Wielka encyklopedia powszechna PWN

Guardado en:
Detalles Bibliográficos
Formato: Libro
Lenguaje:polaco
Publicado: Warszawa Panstwowe Wydawnictwo Naukowe 1967
Etiquetas: Agregar Etiqueta
Sin Etiquetas, Sea el primero en etiquetar este registro!

MARC

LEADER 00000nam a2200000 4500
001 c122731
005 20221207075151.0
041 0 |a pol 
044 |a PL 
245 1 0 |a Wielka encyklopedia powszechna PWN 
264 1 |a Warszawa  |b Panstwowe Wydawnictwo Naukowe  |c 1967 
300 |a 855 s.